Central Library OPAC University of Rajshahi

Trends of urbanisation in Uttar Pradesh / (Record no. 57720)

MARC details
000 -LEADER
fixed length control field 00728nam a2200229 a 4500
001 - CONTROL NUMBER
control field 57720
003 - CONTROL NUMBER IDENTIFIER
rucl marc code BD-RjUL
005 - DATE AND TIME OF LATEST TRANSACTION
control field 20211209080538.0
008 - FIXED-LENGTH DATA ELEMENTS--GENERAL INFORMATION
fixed length control field 161211s1970 ii aa b 001 0 eng
035 ## - SYSTEM CONTROL NUMBER
System control number (BD-RjUL)57844
040 ## - CATALOGING SOURCE
Original cataloging agency DLC
Transcribing agency DLC
Modifying agency BD-RjUL
Language of cataloging eng
041 ## - LANGUAGE CODE
Language code of text/sound track or separate title eng
082 ## - DEWEY DECIMAL CLASSIFICATION NUMBER
Edition number 23
Classification number 301.363
Author mark and year SAT 1970
100 1# - MAIN ENTRY--PERSONAL NAME
Personal name Saxena, Sudha.
9 (RLIN) 171419
245 10 - TITLE STATEMENT
Title Trends of urbanisation in Uttar Pradesh /
Statement of responsibility, etc. Foreword by R. N. Saksena.
260 ## - PUBLICATION, DISTRIBUTION, ETC. (IMPRINT)
Place of publication, distribution, etc. Agra :
Name of publisher, distributor, etc. Satish Book Enterprise,
Date of publication, distribution, etc. 1970
300 ## - PHYSICAL DESCRIPTION
Pagination xii, 275 p. :
Illustrations ill. ;
Size 22 cm.
504 ## - BIBLIOGRAPHY, ETC. NOTE
Bibliography, etc Bibliography: p. [265]-275.
650 #0 - SUBJECT ADDED ENTRY--TOPICAL TERM
Topical term or geographic name as entry element Cities and towns
Geographic subdivision India
-- Uttar Pradesh
General subdivision Growth.
9 (RLIN) 171420
Topical term or geographic name as entry element Urbanization
Geographic subdivision India
-- Uttar Pradesh.
9 (RLIN) 171421
942 ## - ADDED ENTRY ELEMENTS (KOHA)
Source of classification or shelving scheme Dewey Decimal Classification
Koha item type Books
Holdings
Lost status Source of classification or shelving scheme Damaged status Not for loan Collection code Permanent Location Current Location Shelving location Date acquired Source of acquisition Total Checkouts Full call number Date last seen Copy number Koha item type
  Dewey Decimal Classification     Non-fiction Central Library, University of Rajshahi Central Library, University of Rajshahi   06/07/1974 India Govt.   301.363 SAT 1970 11/12/2016 C-2 Books